000 00499nam a2200181Ia 4500
008 090123s9999 xx 000 0 und d
082 _b2921
100 _aकानिटकर ग.बा.
245 _aमेघदूत
250 _a1
260 _bकर्नाटक मुद्रण
300 _a80
600 _aकानिटकर ग.बा.
630 _aमेघदूत
700 _aकानिटकर ग.बा.
730 _aमेघदूत
942 _cBOOK
999 _c41004
_d41004